| 000 | 00531nam a2200109Ia 4500 | ||
|---|---|---|---|
| 008 | 220620s9999||||xx |||||||||||||| ||und|| | ||
| 245 | 0 |
_aReconceptualising Agency and Childhood _bNew perspectives in Childhood Studies |
|
| 546 | _aEnglish[eng] | ||
| 650 | _aagency||Beatrice Hungerland||childhood||developmental psychology||education||Florian Esser||family studies||Meike Baader||social work||sociology||sociology of childhood||Tanja Betz | ||
| 700 | _aEsser, Florian||Baader, Meike S.||Betz, Tanja||Hungerland, Beatrice | ||
| 942 | _cEB | ||
| 999 |
_c28278 _d28278 |
||